India: Yours and mine (Record no. 26387)

MARC details
000 -LEADER
fixed length control field 00282nam a2200109Ia 4500
082 ## - DEWEY DECIMAL CLASSIFICATION NUMBER
Classification number 91 (540)
Item number DON
100 ## - MAIN ENTRY--AUTHOR NAME
Personal name Dongerkery, Kamala S
245 #0 - TITLE STATEMENT
Title India: Yours and mine
260 ## - PUBLICATION, DISTRIBUTION, ETC. (IMPRINT)
Place of publication Delhi
Name of publisher Publication Division
Year of publication 1976
942 ## - ADDED ENTRY ELEMENTS (KOHA)
Koha item type Books
Holdings
Withdrawn status Lost status Damaged status Not for loan Home library Current library Date acquired Cost, normal purchase price Full call number Accession Number Koha item type
        RRII Library RRII Library 16/12/2021 6.00 91 (540) DON 07023 Books